| 000 | 00427nam a2200157Ia 4500 | ||
|---|---|---|---|
| 008 | 221030s9999 xx 000 0 und d | ||
| 041 | _aEnglish | ||
| 082 |
_a105.23 _bAgg |
||
| 100 | _aM. L. Aggarwal | ||
| 245 | 0 |
_aEngineering Drawing Vol. I : Geometrical Drawing _cby M. L. Aggarwal, R. K. Garg |
|
| 260 |
_bDhanpat Rai Pub _aNew Delhi _c1999 |
||
| 300 | _a304 | ||
| 650 | _aMechanical | ||
| 700 | _aR. K. Garg | ||
| 942 | _cBK | ||
| 999 |
_c3277 _d3277 |
||